| 000 | 02324cam a2200529 i 4500 | ||
|---|---|---|---|
| 999 |
_c5921 _d5921 |
||
| 001 | 21865700 | ||
| 003 | OSt | ||
| 005 | 20251128101244.0 | ||
| 008 | 210111s2019 nyua d 6 000 1 eng d | ||
| 010 | _a 2020455006 | ||
| 020 |
_a9781682557914 _q(paperback) |
||
| 035 | _a21865700 | ||
| 035 | _a(OCoLC)1123089306 | ||
| 040 |
_aQQ3 _beng _cQQ3 _erda _dOCLCO _dIUO _dNZAUC _dJRZ _dOCLCF _dOQX _dDLC _dKH8 |
||
| 042 | _alccopycat | ||
| 082 | _aFIC ROT | ||
| 100 | 1 |
_aRotante, Jamie Lee, _eauthor. |
|
| 245 | 1 | 0 |
_aBetty & Veronica : _bsenior year / _cstory by Jamie Lee Rotante ; art by Sandra Lanz ; lettering by Jack Morelli ; colors by Kelly Fitzpatrick. |
| 246 | 3 | 0 | _aSenior year |
| 246 | 3 | _aBetty and Veronica | |
| 264 | 1 |
_a[Pelham, New York] : _bArchie Comics Publications, _c[2019] |
|
| 300 |
_a144 pages : _bchiefly color illustrations ; _c23 cm. |
||
| 336 |
_atext _2rdacontent |
||
| 336 |
_astill image _2rdacontent |
||
| 337 |
_aunmediated _2rdamedia |
||
| 338 |
_avolume _2rdacarrier |
||
| 500 | _a"Archie characters created by John L. Goldwater; the likenesses of the original Archie characters were created by Bob Montana. Sabrina the Teenage Witch originally conceived by George Gladir and drawn by Dan DeCarlo"--Indicia. | ||
| 520 |
_a"Betty Cooper and Veronica Lodge are best friends, but their last year of high school threatens to challenge them in more ways than they could have ever expected."-- _cProvided by publisher |
||
| 521 | _aRated: Teen. | ||
| 588 | _aVolume number taken from spine. | ||
| 600 | 1 | 7 |
_aCooper, Betty _c(Fictitious character) _2fast _0(OCoLC)fst01893351 |
| 600 | 1 | 7 |
_aLodge, Veronica _c(Fictitious character) _2fast _0(OCoLC)fst01894393 |
| 650 | 7 |
_aFemale friendship. _2fast _0(OCoLC)fst00922609 |
|
| 650 | 7 |
_aHigh school students. _2fast |
|
| 650 | 7 |
_aTeenage girls. _2fast |
|
| 655 | 0 | _aGraphic novels. | |
| 655 | 7 |
_aComics (Graphic works) _2fast _0(OCoLC)fst01921613 |
|
| 655 | 7 |
_aComing-of-age comics. _2fast _0(OCoLC)fst01985352 |
|
| 655 | 7 |
_aGraphic novels. _2fast _0(OCoLC)fst01726630 |
|
| 655 | 7 |
_aGraphic novels. _2lcgft |
|
| 655 | 7 |
_aComing-of-age comics. _2lcgft |
|
| 655 | 7 |
_aComics (Graphic works) _2lcgft |
|
| 700 | 1 |
_aLanz, Sandra, _eartist. |
|
| 700 | 1 |
_aMorelli, Jack, _eletterer. |
|
| 700 | 1 |
_aFitzpatrick, Kelly, _d1988- _ecolourist. |
|
| 942 |
_2ddc _cGN |
||